Hogwarts Wizard Training Quiz Stats

 Plays Quiz Updated Jan 19, 2017

Support Sporcle.
Go Orange.
Score 0/16 Timer 03:00
22 Plays Today
% Correct
Lumos
97.6%
Accio Broomstick
95.2%
Reparo
88.7%
Stupefy
86.7%
Avada Kedavra
85.3%
Expelliarmus
83.7%
Incendio
83.3%
Obliviate
83.1%
% Correct
Engorgio
80.7%
Orchideous
79.6%
Sonorus
74.2%
Aguamenti
69.4%
Reducio
68.6%
Geminio
63.5%
Reducto
53.6%
Tergeo
47.3%

You're not logged in!

Compare scores with friends on all Sporcle quizzes.
OR
Log In
Forgot?

From the Vault

Non-Repeating Letters Cities (US)

by enough

Guessing Walla Walla is not going to get you anywhere.
Remove Ads.
Support Sporcle.
Get the best of Sporcle when you Go Orange. This ad-free experience offers more features, more stats, and more fun while also helping to support Sporcle. Thank you for becoming a member.

Show Comments

Extras

Top Quizzes Today


Score Distribution

Your Account Isn't Verified!

In order to create a playlist on Sporcle, you need to verify the email address you used during registration. Go to your Sporcle Settings to finish the process.

Report this User

Report this user for behavior that violates our Community Guidelines.

Details: